000 00953cam a2200253 i 4500
999 _c4525
_d4525
003 OSt
005 20220324074909.0
008 781010s1979 nyua b 100 0 eng
020 _a0080230253
040 _cALUPE UNIVERSITY LIBRARY
050 0 0 _aRC564
_b.C6 1977
111 2 _b1st,
_d1977.
245 1 0 _aAddiction research and treatment :
_bconverging trends : proceedings of the First Annual Coatesville-Jefferson Conference on Addiction /
_ceditors, Edward L. Gottheil ... [et al.].
260 _aNew York :
_bPergamon Press,
_cc1979.
300 _a146 p. :
_bill. ;
_c25 cm.
504 _aIncludes bibliographical references.
650 0 _aDrug abuse
_xTreatment
_xCongresses.
650 0 _aDrug abuse
_xResearch
_xCongresses.
700 1 _aGottheil, Edward L.
710 2 _aVeterans Administration Hospital (Coatesville, Pa.)
710 2 _aJefferson Medical College.
906 _a7
_bcbc
_corignew
_d1
_eocip
_f19
_gy-gencatlg
942 _2lcc
_cBK
_nPW